Представление документа в формате MARC21

Поле Инд. ПП Название Значение
Тип записи a
Библиографический уровень m
001 Контрольный номер 26f182b7-a65b-4947-a6c5-c0ce61b1e4e7
005 Дата корректировки 20220811120341.3
008 Кодируемые данные 070813
020 a ISBN 5-7205-0731-0
040 a Служба первич. каталог. НБ ТвГУ
041 0_ a Код языка текста rus
080 a Индекс УДК 174(075.8)
084 a Индекс другой классификации/Индекс ББК Ю751я73-1
a Индекс другой классификации/Индекс ББК С861я73-1
090 x Авторский знак М 15
a Полочн. индекс Ю751
100 1_ a Автор Макаров Борис Федорович
e Роль лиц Автор
245 10 a Заглавие Деловой этикет и общение
b Продолж. заглавия учебное пособие для вузов
c Ответственность Б. Ф. Макаров, А. В. Непогода
260 0_ a Место издания Москва
b Издательство Юстицинформ
c Дата издания 2006
300 a Объем 237 с.
b Иллюстрации/ тип воспроизводства ил., табл.
440 _0 a Серия Образование
504 a Библиография Библиогр.: с. 236-237
653 0_ a Ключевые слова Деловое общение
a Ключевые слова Этика делового общения
a Ключевые слова Деловая этика
a Ключевые слова Этикет
a Ключевые слова Деловой этикет
a Ключевые слова Протокол делового общения
a Ключевые слова Имидж делового человека
a Ключевые слова Управленческая этика
a Ключевые слова Этикет деловых коммуникаций
a Ключевые слова Стандарты поведения
a Ключевые слова Психология делового общения
700 1_ a Другие авторы Непогода Александр Владимирович
e Роль лиц авт.
852 41 i Расстановочный признак Проверка 2022
901 t Тип документа m
920 a Оператор Семен
a Оператор Суха
930 a Новая/Ретро ретро
952 c Вид литературы К ру
954 a Дата поступления на обработку 20070906
e Дата перешифровки 20220330
954 a Дата поступления на обработку 20220811